<?xml version="1.0" encoding="UTF-8"?>
<collection xmlns="http://www.loc.gov/MARC21/slim">
 <record>
  <leader>00492pamaa2200145   4500</leader>
  <controlfield tag="001">0000019463</controlfield>
  <controlfield tag="005">20060526090000.0</controlfield>
  <datafield tag="020" ind1="0" ind2="0">
   <subfield code="a">091252829X </subfield>
  </datafield>
  <datafield tag="082" ind1=" " ind2=" ">
   <subfield code="a">796.4252 SCH 1982</subfield>
  </datafield>
  <datafield tag="090" ind1="0" ind2="0">
   <subfield code="a">GV1061.5 </subfield>
   <subfield code="b">SCH 1982</subfield>
  </datafield>
  <datafield tag="100" ind1="1" ind2="0">
   <subfield code="a">SCHREIBER </subfield>
  </datafield>
  <datafield tag="245" ind1="1" ind2="4">
   <subfield code="a">The art of running : </subfield>
   <subfield code="b">from around the block to perfect marathon  </subfield>
   <subfield code="c">Michael Schreiber ; illustrations by J.T. Sevier.</subfield>
  </datafield>
  <datafield tag="260" ind1="0" ind2="0">
   <subfield code="a">Sante Fe, N.M.: </subfield>
   <subfield code="b">John Muir Publications, </subfield>
   <subfield code="c">1982.</subfield>
  </datafield>
  <datafield tag="300" ind1=" " ind2=" ">
   <subfield code="a">201 p.: </subfield>
   <subfield code="b">ill.; </subfield>
   <subfield code="c">28 cm.</subfield>
  </datafield>
  <datafield tag="650" ind1="0" ind2="0">
   <subfield code="a">Marathon running -- </subfield>
   <subfield code="x">Training </subfield>
  </datafield>
 </record>
</collection>
